000 01688nam a2200349 a 4500
001 ebr10506377
003 CaPaEBR
006 m u
007 cr cn|||||||||
008 110401s2011 ne ab sb 101 0 eng d
010 _z 2011926657
020 _z1607507374
020 _z9781607507376
020 _z9781607507383 (e-book)
040 _aCaPaEBR
_cCaPaEBR
035 _a(OCoLC)756484714
050 1 4 _aHM1101
_b.S75 2011eb
245 0 0 _aStimulus for human and societal dynamics in the prevention of catastrophes
_h[electronic resource] /
_cedited by Arman Avagyan ... [et al.].
260 _aAmsterdam, The Netherlands :
_bIOS Press,
_c2011.
300 _aix, 317 p. :
_bill. (some col.), maps (some col.).
490 1 _aNATO science for peace and security series. E, Human and societal dynamics,
_x1874-6276 ;
_vv. 80
504 _aIncludes bibliographical references and indexes.
533 _aElectronic reproduction.
_bPalo Alto, Calif. :
_cebrary,
_d2013.
_nAvailable via World Wide Web.
_nAccess may be limited to ebrary affiliated libraries.
650 0 _aDisasters
_xRisk assessment
_vCongresses.
650 0 _aDisasters
_xRisk assessment
_xSocial aspects
_vCongresses.
655 7 _aElectronic books.
_2local
700 1 _aAvagyan, Arman.
710 2 _aebrary, Inc.
711 2 _aNATO Advanced Research Workshop on Stimulus for Human and Social Dynamics in the Prevention of Catastrophes
_d(2010 :
_cYerevan, Armenia)
830 0 _aNATO science for peace and security series.
_nE,
_pHuman and societal dynamics ;
_vv. 80.
856 4 0 _uhttp://site.ebrary.com/lib/rucke/Doc?id=10506377
_zAn electronic book accessible through the World Wide Web; click to view
999 _c218746
_d218746